| 000 | 00361 a2200145 4500 | ||
|---|---|---|---|
| 005 | 20250627094724.0 | ||
| 020 | _a0-393-97830-3 | ||
| 082 | _a338.5 VAR | ||
| 100 | _aVARIAN, H. | ||
| 245 | _aIntermediate Microeconomics : A Modern Approach | ||
| 250 | _a6th Ed. | ||
| 260 |
_aNew York, _bEagle, _c2003. |
||
| 300 |
_axxiii,688p.; _bIndex _c24cm |
||
| 942 |
_2ddc _cBKS |
||
| 999 |
_c5580 _d5580 |
||